Java Software structures : Designing and using data structures
Salvato in:
| Autore principale: | |
|---|---|
| Natura: | Libro |
| Lingua: | Undetermined |
| Pubblicazione: |
Boston
Addison - Wesley
2004
|
| Soggetti: | |
| Tags: |
Aggiungi Tag
Nessun Tag, puoi essere il primo ad aggiungerne! !
|
| Thư viện lưu trữ: | Trung tâm Học liệu Trường Đại học Cần Thơ |
|---|
| LEADER | 00614nam a2200217Ia 4500 | ||
|---|---|---|---|
| 001 | CTU_65530 | ||
| 008 | 210402s9999 xx 000 0 und d | ||
| 020 | |c 580000 | ||
| 082 | |a 005.133 | ||
| 082 | |b L673 | ||
| 100 | |a Lewis, John | ||
| 245 | 0 | |a Java Software structures : | |
| 245 | 0 | |b Designing and using data structures | |
| 245 | 0 | |c John Lewis, Joseph Chase | |
| 260 | |a Boston | ||
| 260 | |b Addison - Wesley | ||
| 260 | |c 2004 | ||
| 650 | |a Java (computer program language),Computer software | ||
| 650 | |x Development | ||
| 904 | |i TUYẾN | ||
| 980 | |a Trung tâm Học liệu Trường Đại học Cần Thơ | ||